000 01895nam0a2200409 i 4500
001 RU\NLR\bibl\2068983
005 20241103193700.0
010 _a9785906284020
_9310
021 _aRU
_b2013-58575
_94031
035 _a(nilc)RuMoRGB-006614915
035 _a(NLR Aleph) 002055374
090 _a4661256
_c4661256
100 _a20130729d2012 u y0rusy50 ca
101 0 _arus
102 _aRU
105 _aa zzzz|||||
200 1 _aГеофизический мониторинг Дубна - Научный - Новосибирск: фазовые траектории массы
_fИ. А. Еганова, В. Каллис, В. Н. Самойлов, В. И. Струминский
_gред. Ю. Г. Косарев
_gОбъед. ин-т ядер. исслед., Науч. центр прикл. исслед.
210 _aНовосибирск
_cГео
_d2012
_eНовосибирск
_gОфсет
215 _a187 с.
_cил.
_d21
320 _aБиблиогр.: с. 179-187 (80 назв.)
606 1 _aГеофизический мониторинг
_xМатематической статистики методы
_92608821
_3RU\NLR\auth\661545379
607 _aСолнце
_xВлияние на Землю
_91036774
_3RU\NLR\auth\6680706
686 _aД204
686 _aД2в647
701 1 _aЕганова
_bИ. А.
_gИрина Аршавировна
_4070
701 1 _aКаллис
_bВ.
_gВальтер
_4070
701 1 _aСамойлов
_bВ. Н.
_gВалентин Николаевич
_4070
701 1 _aСтруминский
_bВ. И.
_gВиктор Иванович
_4070
702 1 _aКосарев
_bЮ. Г.
_4340
801 0 _aRU
_bRuMoRKP
_c20130729
_gRCR
801 2 _aRU
_bРГБ
_c20130801
801 1 _aRU
_bRuMoRKP
_c20130729
_2rusmarc
801 2 _aRU
_bNLR
_c20130904
_grcr
942 _cBOOK
980 _aNBR